[Event "Hoogeveen Unive op 20th"]
[Site "Hoogeveen"]
[Date "2016.10.15"]
[Round "1"]
[White "Werle, Jan"]
[Black "Schoehuys, Erik"]
[Result "1-0"]
[WhiteElo "2555"]
[BlackElo "2169"]
[PlyCount "63"]
[EventDate "2016.10.15"]
[EventType "swiss"]
[EventRounds "9"]
[EventCountry "NED"]
[SourceTitle "EXT 2017"]
[Source "ChessBase"]
[SourceDate "2016.10.25"]
[SourceVersion "1"]
[SourceVersionDate "2016.10.25"]
[SourceQuality "1"]

1. d4 Nf6 2. c4 g6 3. Nf3 Bg7 4. g3 0-0 5. Bg2 d6 6. Nc3 Nbd7 7. 0-0 e5 8. e4 exd4 9. Nxd4 Re8 10. h3 c6 11. Be3 Nc5 12. Qc2 a5 13. Rad1 Nfd7 14. b3 Qb6 15. Nde2 Qb4 16. Rxd6 a4 17. Rb1 axb3 18. axb3 Nf8 19. Bd2 Nce6 20. Rd3 Qe7 21. f4 Nd7 22. Kh2 Ndc5 23. Re3 Nd4 24. Nxd4 Bxd4 25. Ree1 Na6 26. Ne2 Bf2 27. Rf1 Bc5 28. Ra1 Be6 29. Qb2 Nb4 30. f5 Bd7 31. Bh6 f6 32. fxg6 1-0

[Event "Hilversum op"]
[Site "Hilversum"]
[Date "2016.06.17"]
[Round "2"]
[White "Van de Griendt, Jan Willem"]
[Black "Schoehuys, Erik"]
[Result "1-0"]
[WhiteElo "2342"]
[BlackElo "2151"]
[PlyCount "50"]
[EventDate "2016.06.17"]
[EventType "swiss"]
[EventRounds "6"]
[EventCountry "NED"]
[SourceTitle "CBM 173 Extra"]
[Source "ChessBase"]
[SourceDate "2016.08.29"]
[SourceVersion "1"]
[SourceVersionDate "2016.08.29"]
[SourceQuality "1"]

1. d4 Nf6 2. c4 g6 3. Nc3 Bg7 4. e4 d6 5. f3 0-0 6. Bg5 c5 7. d5 e6 8. Qd2 exd5 9. cxd5 a6 10. a4 Qe8 11. Nge2 Nbd7 12. Nd1 Ne5 13. Nec3 Rb8 14. a5 Bd7 15. Be2 Bb5 16. 0-0 Nc4 17. Qc1 Ne5 18. Qd2 Nc4 19. Qc2 Qe5 20. Bc1 Nh5 21. f4 Qd4+ 22. Kh1 b6 23. axb6 Nxb6 24. Nxb5 axb5 25. Be3 Qf6 1-0

[Event "Utrecht OKU op 43rd"]
[Site "Utrecht"]
[Date "2016.06.05"]
[Round "5"]
[White "Schoppen, Casper"]
[Black "Schoehuys, Erik"]
[Result "1-0"]
[WhiteElo "2298"]
[BlackElo "2151"]
[PlyCount "71"]
[EventDate "2016.06.03"]
[EventType "swiss"]
[EventRounds "6"]
[EventCountry "NED"]
[SourceTitle "CBM 172 Extra"]
[Source "ChessBase"]
[SourceDate "2016.06.21"]
[SourceVersion "1"]
[SourceVersionDate "2016.06.21"]
[SourceQuality "1"]

1. e4 e5 2. Nf3 Nc6 3. Bb5 Nf6 4. 0-0 Nxe4 5. d4 Be7 6. Qe2 Nd6 7. Bxc6 bxc6 8. dxe5 Nb7 9. Nc3 0-0 10. Rd1 Re8 11. Ne4 d5 12. Ng3 c5 13. c4 c6 14. Be3 Be6 15. Rac1 Qa5 16. b3 h6 17. h3 Red8 18. Qc2 Rd7 19. Nh5 dxc4 20. Rxd7 Bxd7 21. bxc4 Nd8 22. Rd1 Bc8 23. Nd2 Ne6 24. Nb3 Qa3 25. Ng3 a5 26. Ne4 Ba6 27. Rd7 Bf8 28. Qe2 Bc8 29. Rd3 Qb4 30. Nbd2 a4 31. Qh5 Ra7 32. Bxh6 gxh6 33. Nf6+ Kh8 34. Rg3 Bg7 35. Qxh6+ Bxh6 36. Rg8# 1-0

[Event "Hoogeveen Unive op 19th"]
[Site "Hoogeveen"]
[Date "2015.10.19"]
[Round "3"]
[White "Brantjes, Yme"]
[Black "Schoehuys, Erik"]
[Result "1-0"]
[WhiteElo "1962"]
[BlackElo "2182"]
[PlyCount "53"]
[EventDate "2015.10.17"]
[EventType "swiss"]
[EventRounds "9"]
[EventCountry "NED"]
[SourceTitle "EXT 2017"]
[Source "ChessBase"]
[SourceDate "2016.10.25"]
[SourceVersion "1"]
[SourceVersionDate "2016.10.25"]
[SourceQuality "1"]

1. e4 e5 2. Nf3 d6 3. d4 exd4 4. Nxd4 Nf6 5. Nc3 Be7 6. f3 0-0 7. Bc4 c6 8. Bb3 d5 9. exd5 Bc5 10. Nde2 Nxd5 11. Bxd5 cxd5 12. Qxd5 Qb6 13. Ne4 Qa5+ 14. N2c3 Bb4 15. Qxa5 Bxa5 16. Bd2 Be6 17. Nc5 Bc8 18. 0-0-0 Nc6 19. N3e4 Bb6 20. Nd3 Rd8 21. Bc3 Nd4 22. Kb1 Bd7 23. Ndc5 f5 24. Rxd4 fxe4 25. Rxd7 Bxc5 26. Rxg7+ Kf8 27. fxe4 1-0

[Event "Groningen op 52nd"]
[Site "Groningen"]
[Date "2014.12.27"]
[Round "6"]
[White "Berkovich, Mark A"]
[Black "Schoehuys, Erik"]
[Result "1-0"]
[WhiteElo "2362"]
[BlackElo "2125"]
[PlyCount "85"]
[EventDate "2014.12.21"]
[EventType "swiss"]
[EventRounds "9"]
[EventCountry "NED"]
[SourceTitle "CBM 164 Extra"]
[Source "ChessBase"]
[SourceDate "2015.03.02"]
[SourceVersion "1"]
[SourceVersionDate "2015.03.02"]
[SourceQuality "1"]

1. c4 e5 2. Nc3 Nf6 3. Nf3 Nc6 4. e3 d6 5. d4 Bg4 6. Be2 Be7 7. h3 Bf5 8. Nh4 Bd7 9. 0-0 0-0 10. Nf3 Re8 11. d5 Nb8 12. e4 a5 13. Be3 Na6 14. Nd2 Nc5 15. Qc2 Rf8 16. f4 exf4 17. Bxf4 Bc8 18. e5 dxe5 19. Bxe5 Nfd7 20. Bg3 Ra6 21. Nb5 Bd6 22. Nxd6 cxd6 23. Nf3 f6 24. Kh1 Ne5 25. Nd4 Bd7 26. Nf3 Qc8 27. Nxe5 fxe5 28. Rxf8+ Qxf8 29. Rf1 Qe7 30. Bd3 e4 31. Be2 Qg5 32. Bf4 Qg6 33. Qd1 Ra8 34. Bh5 Qf6 35. Bg3 Qh6 36. Bf7+ Kh8 37. Qh5 Qxh5 38. Bxh5 g6 39. Be2 Ra6 40. Rf6 e3 41. Rxd6 Ra8 42. Be5+ Kg8 43. Bd4 1-0

[Event "Groningen op 52nd"]
[Site "Groningen"]
[Date "2014.12.22"]
[Round "2"]
[White "Beukema, Stefan"]
[Black "Schoehuys, Erik"]
[Result "1-0"]
[WhiteElo "2364"]
[BlackElo "2125"]
[PlyCount "77"]
[EventDate "2014.12.21"]
[EventType "swiss"]
[EventRounds "9"]
[EventCountry "NED"]
[SourceTitle "CBM 164 Extra"]
[Source "ChessBase"]
[SourceDate "2015.03.02"]
[SourceVersion "1"]
[SourceVersionDate "2015.03.02"]
[SourceQuality "1"]

1. e4 e5 2. Nf3 Nc6 3. d4 exd4 4. Nxd4 Bb4+ 5. c3 Bc5 6. Be3 Bb6 7. Qg4 Qf6 8. Qg3 d6 9. Nb5 Bxe3 10. Nxc7+ Kd8 11. Nxa8 Bc1 12. Nd2 Bxb2 13. Rd1 Bxc3 14. Bb5 Qe5 15. 0-0 Qxg3 16. hxg3 Nd4 17. Nf3 Nxb5 18. a4 Na3 19. Rxd6+ Ke7 20. Rd3 Bb4 21. Rc1 Nf6 22. e5 Nd7 23. Nc7 Bc5 24. Nd5+ Kd8 25. Ng5 Nxe5 26. Rxc5 Nxd3 27. Nxf7+ Kd7 28. Rc7+ Ke6 29. Nxh8 Kxd5 30. Rxc8 Nc5 31. Rc7 a5 32. Rxg7 b6 33. Rxh7 Nxa4 34. g4 Nc5 35. g5 Ne4 36. g6 Nf6 37. Rf7 Ke6 38. g7 b5 39. Rxf6+ 1-0

[Event "Groningen op 52nd"]
[Site "Groningen"]
[Date "2014.12.21"]
[Round "1"]
[White "Schoehuys, Erik"]
[Black "Bulmaga, Irina"]
[Result "1/2-1/2"]
[WhiteElo "2125"]
[BlackElo "2392"]
[PlyCount "182"]
[EventDate "2014.12.21"]
[EventType "swiss"]
[EventRounds "9"]
[EventCountry "NED"]
[SourceTitle "CBM 164 Extra"]
[Source "ChessBase"]
[SourceDate "2015.03.02"]
[SourceVersion "1"]
[SourceVersionDate "2015.03.02"]
[SourceQuality "1"]

1. d4 Nf6 2. c4 e6 3. Nc3 Bb4 4. Qc2 c6 5. Nf3 d5 6. Bd2 0-0 7. e3 Nbd7 8. Bd3 c5 9. 0-0 cxd4 10. Nxd5 Bxd2 11. Nxf6+ Nxf6 12. Qxd2 dxe3 13. Qxe3 Bd7 14. Ne5 Qc7 15. Nxd7 Nxd7 16. Rad1 Nf6 17. Rd2 e5 18. Rfd1 Rae8 19. Be2 a6 20. b4 e4 21. c5 h6 22. Rd6 Re5 23. h3 Rg5 24. Bc4 Qc8 25. Qd2 Qf5 26. Qe3 Qg6 27. Bf1 Rf5 28. Be2 Rg5 29. Bf1 Qf5 30. c6 bxc6 31. Rxc6 Nd5 32. Qc5 Rd8 33. Qd4 Rd7 34. Kh1 Nf6 35. Qa1 Rxd1 36. Qxd1 Qxf2 37. Qe2 Qf4 38. Rxa6 Nh5 39. Kg1 Qe5 40. Qe3 Nf4 41. Ra3 Nd5 42. Qc5 Kh7 43. b5 e3 44. Rb3 g6 45. Qc4 Kg7 46. b6 Nf4 47. Qc3 Qxc3 48. Rxc3 e2 49. Kf2 Nd5 50. b7 Nxc3 51. Bxe2 Rf5+ 52. Ke1 Nxe2 53. b8Q Nf4 54. Qb2+ Kh7 55. Qb7 Nd3+ 56. Kd2 Nc5 57. Qc6 h5 58. g4 hxg4 59. hxg4 Re5 60. Qc7 Rd5+ 61. Ke2 Kg7 62. Kf3 g5 63. Qc6 Re5 64. a4 Ne6 65. Qc3 f6 66. a5 Nc5 67. Qc4 f5 68. a6 Nxa6 69. Qxa6 fxg4+ 70. Kxg4 Kf7 71. Qd6 Re6 72. Qd5 Ke7 73. Kxg5 Rd6 74. Qc5 Ke6 75. Kg6 Rd5 76. Qe3+ Re5 77. Qd4 Rd5 78. Qe4+ Kd6 79. Kf6 Kc5 80. Ke6 Rd6+ 81. Ke5 Rd7 82. Qc2+ Kb6 83. Qb3+ Kc6 84. Qc4+ Kb6 85. Qe6+ Kc7 86. Qa6 Re7+ 87. Kf6 Rd7 88. Ke6 Rd8 89. Qa5+ Kc8 90. Qb6 Re8+ 91. Kd6 Re6+ 1/2-1/2

[Event "Hoogeveen Unive op 18th"]
[Site "Hoogeveen"]
[Date "2014.10.15"]
[Round "5"]
[White "Poznyak, Nazar"]
[Black "Schoehuys, Erik"]
[Result "0-1"]
[WhiteElo "1824"]
[BlackElo "2160"]
[PlyCount "100"]
[EventDate "2014.10.11"]
[EventType "swiss"]
[EventRounds "9"]
[EventCountry "NED"]
[SourceTitle "EXT 2015"]
[Source "ChessBase"]
[SourceDate "2014.11.20"]
[SourceVersion "1"]
[SourceVersionDate "2014.11.20"]
[SourceQuality "1"]

1. e4 e5 2. Nf3 Nc6 3. Bb5 Nf6 4. d3 d6 5. h3 Be7 6. c3 0-0 7. 0-0 Bd7 8. Re1 h6 9. d4 a6 10. Ba4 b5 11. Bb3 Re8 12. Nbd2 Bf8 13. Bc2 Na5 14. Nf1 c5 15. b4 cxb4 16. cxb4 Nc6 17. a3 a5 18. d5 Ne7 19. Bd2 a4 20. Ng3 g6 21. Nh2 Nc8 22. Nhf1 Nb6 23. Ne3 Bg7 24. Qe2 Rf8 25. Bd3 Qe8 26. Rac1 h5 27. Rc7 h4 28. Ngf1 Nh5 29. Nf5 gxf5 30. Qxh5 fxe4 31. Rxe4 f5 32. Rxh4 Qxh5 33. Rxh5 e4 34. Be2 Rf7 35. Ne3 f4 36. Ng4 Bxg4 37. Rxf7 Bxe2 38. Rhf5 e3 39. fxe3 Nc4 40. Rc7 Be5 41. Rg5+ Kh8 42. Kf2 Bd3 43. exf4 Bd4+ 44. Ke1 Re8+ 45. Kd1 Re2 46. Rc8+ Kh7 47. Rh5+ Kg6 48. Rg5+ Kf6 49. Bc1 Bf2 50. Rf8+ Ke7 0-1

[Event "Hoogeveen Unive op 18th"]
[Site "Hoogeveen"]
[Date "2014.10.13"]
[Round "3"]
[White "Raghavi, Nagarajan"]
[Black "Schoehuys, Erik"]
[Result "1-0"]
[WhiteElo "2253"]
[BlackElo "2160"]
[PlyCount "55"]
[EventDate "2014.10.11"]
[EventType "swiss"]
[EventRounds "9"]
[EventCountry "NED"]
[SourceTitle "EXT 2015"]
[Source "ChessBase"]
[SourceDate "2014.11.20"]
[SourceVersion "1"]
[SourceVersionDate "2014.11.20"]
[SourceQuality "1"]

1. e4 e5 2. Nf3 Nc6 3. Bb5 Nf6 4. Nc3 Bc5 5. Nxe5 Nxe5 6. d4 Bd6 7. dxe5 Bxe5 8. 0-0 0-0 9. Bd3 c6 10. Bg5 d6 11. Kh1 Qa5 12. f4 Bd4 13. Ne2 Bg4 14. c3 Bb6 15. b4 Qa3 16. Bxf6 gxf6 17. Qe1 Bxe2 18. Qxe2 Qxc3 19. e5 fxe5 20. Rac1 Qd4 21. Rc4 Qd5 22. fxe5 Qxe5 23. Re4 Qc3 24. Rc4 Qe5 25. Re4 Qc3 26. Rh4 f5 27. Bxf5 Rf6 28. Qe7 1-0

[Event "Hoogeveen Unive op 18th"]
[Site "Hoogeveen"]
[Date "2014.10.12"]
[Round "2"]
[White "Schoehuys, Erik"]
[Black "De Boer, Eelke"]
[Result "1-0"]
[WhiteElo "2160"]
[BlackElo "1795"]
[PlyCount "95"]
[EventDate "2014.10.11"]
[EventType "swiss"]
[EventRounds "9"]
[EventCountry "NED"]
[SourceTitle "EXT 2015"]
[Source "ChessBase"]
[SourceDate "2014.11.20"]
[SourceVersion "1"]
[SourceVersionDate "2014.11.20"]
[SourceQuality "1"]

1. d4 f5 2. g3 Nf6 3. Bg2 g6 4. c4 Bg7 5. Nc3 d6 6. Nf3 0-0 7. 0-0 Qe8 8. d5 a5 9. Nd4 Na6 10. Be3 Bd7 11. Ne6 Bxe6 12. dxe6 c6 13. Na4 Nc7 14. Qb3 Nxe6 15. Qxb7 Ne4 16. Qb3 Rb8 17. Qc2 d5 18. Bb6 Qf7 19. Rad1 Rfc8 20. Qd3 dxc4 21. Qxc4 Nd6 22. Qc2 Nf8 23. b3 Nd7 24. Bxa5 Rb5 25. Bc3 Bxc3 26. Qxc3 Nf6 27. Qd3 Nfe4 28. Nc3 Rb4 29. Nxe4 Nxe4 30. Qd7 Qe8 31. Qxe8+ Rxe8 32. Rc1 Ra8 33. Rc2 Rd4 34. e3 Rd3 35. Rfc1 Kf7 36. Bf1 Rd6 37. a4 Rad8 38. Be2 Kg7 39. Rxc6 Rd2 40. R6c2 Kf6 41. b4 Rxc2 42. Rxc2 Ke6 43. a5 Rb8 44. b5 Kd6 45. a6 e5 46. a7 Ra8 47. b6 Nc5 48. Rxc5 1-0

[Event "Hoogeveen Unive op 18th"]
[Site "Hoogeveen"]
[Date "2014.10.11"]
[Round "1"]
[White "Gonzalez de la Torre, Santiago"]
[Black "Schoehuys, Erik"]
[Result "1-0"]
[WhiteElo "2440"]
[BlackElo "2160"]
[PlyCount "59"]
[EventDate "2014.10.11"]
[EventType "swiss"]
[EventRounds "9"]
[EventCountry "NED"]
[SourceTitle "EXT 2015"]
[Source "ChessBase"]
[SourceDate "2014.11.20"]
[SourceVersion "1"]
[SourceVersionDate "2014.11.20"]
[SourceQuality "1"]

1. e4 e5 2. Nf3 Nc6 3. Bb5 Nf6 4. Bxc6 dxc6 5. d3 Bd6 6. Nbd2 Be6 7. b3 b5 8. Bb2 Nd7 9. d4 f6 10. 0-0 c5 11. dxe5 fxe5 12. Qe2 Rb8 13. a4 a6 14. axb5 axb5 15. Ra5 c6 16. Ra6 Rc8 17. Rd1 Qc7 18. Ng5 Bg8 19. Qh5+ g6 20. Qh3 Be7 21. Ndf3 Bf6 22. Ne6 Qb7 23. Rda1 Ke7 24. Nxc5 Nxc5 25. Ra7 Be6 26. Qh6 Ra8 27. Rxb7+ Nxb7 28. Rxa8 Rxa8 29. Qxh7+ Bf7 30. Nxe5 1-0

[Event "Groningen op-A 51st"]
[Site "Groningen"]
[Date "2013.12.28"]
[Round "7"]
[White "Klapwijk, Bram"]
[Black "Schoehuys, Erik"]
[Result "1-0"]
[WhiteElo "2039"]
[BlackElo "2180"]
[PlyCount "79"]
[EventDate "2013.12.21"]
[EventType "swiss"]
[EventRounds "9"]
[EventCountry "NED"]
[SourceTitle "CBM 158 Extra"]
[Source "ChessBase"]
[SourceDate "2014.02.28"]
[SourceVersion "1"]
[SourceVersionDate "2014.02.28"]
[SourceQuality "1"]

1. e4 e5 2. Nf3 Nc6 3. Bb5 d6 4. Qe2 Bd7 5. c3 Nf6 6. d3 Be7 7. Nbd2 0-0 8. h3 Nh5 9. Nf1 Nf4 10. Bxf4 exf4 11. d4 Re8 12. Bd3 Bf8 13. 0-0-0 d5 14. Qc2 dxe4 15. Bxe4 g6 16. N1d2 a5 17. h4 a4 18. h5 Bg7 19. hxg6 hxg6 20. Rh4 Ra5 21. Rdh1 Qf6 22. Nc4 Bf5 23. Rxf4 Bxe4 24. Rxe4 Raa8 25. Rxe8+ Rxe8 26. Qxa4 Qf4+ 27. Ne3 g5 28. Qb5 g4 29. Qxb7 Nd8 30. Qb5 Rxe3 31. fxe3 Qxe3+ 32. Nd2 Bf6 33. Qf5 Bg5 34. Rd1 g3 35. Qf3 Ne6 36. Kc2 Qf2 37. Qxf2 gxf2 38. Ne4 Bh4 39. Rf1 Nf4 40. Nxf2 1-0

[Event "Groningen op-A 51st"]
[Site "Groningen"]
[Date "2013.12.27"]
[Round "6"]
[White "Schoehuys, Erik"]
[Black "Vos, Tjark"]
[Result "1-0"]
[WhiteElo "2180"]
[BlackElo "2085"]
[PlyCount "91"]
[EventDate "2013.12.21"]
[EventType "swiss"]
[EventRounds "9"]
[EventCountry "NED"]
[SourceTitle "CBM 158 Extra"]
[Source "ChessBase"]
[SourceDate "2014.02.28"]
[SourceVersion "1"]
[SourceVersionDate "2014.02.28"]
[SourceQuality "1"]

1. d4 Nf6 2. c4 g6 3. Nc3 Bg7 4. e4 0-0 5. Nf3 d6 6. Be2 e5 7. 0-0 Nc6 8. d5 Ne7 9. Ne1 Nd7 10. Nd3 f5 11. f3 f4 12. b4 g5 13. c5 h5 14. Qc2 Nf6 15. cxd6 cxd6 16. Nb5 Ne8 17. h3 Ng6 18. Nf2 Rf7 19. a4 Nf6 20. a5 Bf8 21. Ra3 a6 22. Nc3 Nh4 23. Na4 g4 24. fxg4 hxg4 25. hxg4 Rg7 26. Qd1 Nd7 27. g3 Ng6 28. Nh3 fxg3 29. Ng5 Nf4 30. Bxf4 exf4 31. Nh3 Ne5 32. Rxf4 Qh4 33. Qf1 Bxg4 34. Bxg4 Nxg4 35. Nb6 Re8 36. Qg2 Rc7 37. Qxg3 Rc1+ 38. Kg2 Rc2+ 39. Kf1 Qh6 40. Qxg4+ Bg7 41. Nf2 Rc1+ 42. Kg2 Re5 43. Rf5 Rxf5 44. exf5 Rc2 45. Rf3 Kf8 46. f6 1-0

[Event "Groningen op-A 51st"]
[Site "Groningen"]
[Date "2013.12.26"]
[Round "5"]
[White "L'Ami, Alina"]
[Black "Schoehuys, Erik"]
[Result "1-0"]
[WhiteElo "2390"]
[BlackElo "2180"]
[PlyCount "67"]
[EventDate "2013.12.21"]
[EventType "swiss"]
[EventRounds "9"]
[EventCountry "NED"]
[SourceTitle "CBM 158 Extra"]
[Source "ChessBase"]
[SourceDate "2014.02.28"]
[SourceVersion "1"]
[SourceVersionDate "2014.02.28"]
[SourceQuality "1"]

1. d4 Nf6 2. c4 g6 3. Nc3 Bg7 4. e4 d6 5. h3 0-0 6. Bg5 Nbd7 7. Bd3 c5 8. d5 Ne5 9. Be2 a6 10. a4 Qa5 11. Bd2 Qc7 12. f4 Ned7 13. g4 h6 14. Nf3 Re8 15. 0-0 e6 16. dxe6 Rxe6 17. f5 Re8 18. fxg6 fxg6 19. Bf4 Ne5 20. Nxe5 dxe5 21. Bxh6 Be6 22. Bg5 Rf8 23. Qc2 Nh7 24. Be3 Qe7 25. Kg2 Qh4 26. Bxc5 Ng5 27. Qd3 Rfc8 28. Bf2 Qh8 29. Nd5 Rxc4 30. h4 Nxe4 31. Qxc4 Nd2 32. Ne7+ Kf7 33. Bc5+ Bf6 34. Qd3 1-0

[Event "Groningen op-A 51st"]
[Site "Groningen"]
[Date "2013.12.23"]
[Round "3"]
[White "Chytilek, Roman"]
[Black "Schoehuys, Erik"]
[Result "1-0"]
[WhiteElo "2374"]
[BlackElo "2180"]
[PlyCount "47"]
[EventDate "2013.12.21"]
[EventType "swiss"]
[EventRounds "9"]
[EventCountry "NED"]
[SourceTitle "CBM 158 Extra"]
[Source "ChessBase"]
[SourceDate "2014.02.28"]
[SourceVersion "1"]
[SourceVersionDate "2014.02.28"]
[SourceQuality "1"]

1. d4 Nf6 2. c4 g6 3. Nc3 Bg7 4. e4 d6 5. h3 0-0 6. Bg5 Nbd7 7. Nf3 e5 8. d5 a5 9. a3 Nc5 10. Nd2 a4 11. Qf3 h6 12. Bh4 g5 13. Bg3 Nh7 14. Qe3 f5 15. exf5 Bxf5 16. Nce4 Nxe4 17. Nxe4 Bxe4 18. Qxe4 Nf6 19. Qg6 c6 20. Be2 Qa5+ 21. Kf1 Qd2 22. h4 cxd5 23. hxg5 Ne4 24. gxh6 1-0

[Event "Hoogeveen Unive op 17th"]
[Site "Hoogeveen"]
[Date "2013.10.26"]
[Round "9"]
[White "Bos, Robin"]
[Black "Schoehuys, Erik"]
[Result "1/2-1/2"]
[WhiteElo "1908"]
[BlackElo "2184"]
[PlyCount "94"]
[EventDate "2013.10.18"]
[EventType "swiss"]
[EventRounds "9"]
[EventCountry "NED"]
[SourceTitle "EXT 2014"]
[Source "ChessBase"]
[SourceDate "2013.11.20"]
[SourceVersion "1"]
[SourceVersionDate "2013.11.20"]
[SourceQuality "1"]

1. e4 e5 2. Nc3 Nf6 3. f4 d5 4. fxe5 Nxe4 5. Qf3 Nxc3 6. bxc3 Qh4+ 7. g3 Qe4+ 8. Qxe4 dxe4 9. Bg2 Nc6 10. Bxe4 Nxe5 11. d4 Nc4 12. Bf4 Nd6 13. Bd3 Be6 14. Nf3 Be7 15. Kf2 0-0 16. Rhe1 Rfe8 17. Ng5 Bxg5 18. Bxg5 Bd5 19. Bf4 Ne4+ 20. Bxe4 Bxe4 21. Re2 Bd5 22. a3 Rxe2+ 23. Kxe2 Re8+ 24. Kd2 c6 25. Rb1 b5 26. a4 Bc4 27. Be3 a5 28. Ra1 Ra8 29. Bf4 bxa4 30. Rxa4 Bb5 31. Ra1 f6 32. Bc7 a4 33. c4 Bxc4 34. Kc3 Bd5 35. Kb4 Ra7 36. Bb6 Ra6 37. Bc7 Be4 38. c4 Ra7 39. Bb6 Ra6 40. Bc7 Bc2 41. d5 cxd5 42. cxd5 Kf7 43. d6 Ke6 44. Kb5 Bd3+ 45. Kb4 Bc2 46. Kb5 Bd3+ 47. Kb4 Bc2 1/2-1/2

[Event "Hoogeveen Unive op 17th"]
[Site "Hoogeveen"]
[Date "2013.10.21"]
[Round "4"]
[White "Rooze, Jan"]
[Black "Schoehuys, Erik"]
[Result "1-0"]
[WhiteElo "2355"]
[BlackElo "2184"]
[PlyCount "43"]
[EventDate "2013.10.18"]
[EventType "swiss"]
[EventRounds "9"]
[EventCountry "NED"]
[SourceTitle "EXT 2014"]
[Source "ChessBase"]
[SourceDate "2013.11.20"]
[SourceVersion "1"]
[SourceVersionDate "2013.11.20"]
[SourceQuality "1"]

1. e4 e5 2. Nf3 d6 3. d4 Nf6 4. dxe5 Nxe4 5. Qd5 Nc5 6. Bg5 Qd7 7. exd6 Qxd6 8. Nc3 a6 9. 0-0-0 Be6 10. Qe5 Nbd7 11. Qe3 Qb6 12. Nd5 Qc6 13. Bc4 b5 14. Nd4 Qb7 15. Nxe6 fxe6 16. Be2 c6 17. Bh5+ g6 18. Nf6+ Nxf6 19. Bxf6 Rg8 20. Bf3 Rc8 21. Rhe1 Qf7 22. Bxc6+ 1-0

[Event "Hoogeveen Unive op 17th"]
[Site "Hoogeveen"]
[Date "2013.10.20"]
[Round "3"]
[White "Pancevski, Filip"]
[Black "Schoehuys, Erik"]
[Result "0-1"]
[WhiteElo "2493"]
[BlackElo "2184"]
[PlyCount "88"]
[EventDate "2013.10.18"]
[EventType "swiss"]
[EventRounds "9"]
[EventCountry "NED"]
[SourceTitle "EXT 2014"]
[Source "ChessBase"]
[SourceDate "2013.11.20"]
[SourceVersion "1"]
[SourceVersionDate "2013.11.20"]
[SourceQuality "1"]

1. e4 e5 2. Nf3 d6 3. Bc4 Nf6 4. Ng5 d5 5. exd5 h6 6. Nf3 e4 7. Qe2 Bb4 8. Nd4 0-0 9. Nc3 Bc5 10. Nb3 Bg4 11. Qf1 Bb6 12. d4 exd3 13. Qxd3 Re8+ 14. Be3 Nbd7 15. Qd2 Ne5 16. Bb5 Qd6 17. 0-0 Bxe3 18. fxe3 Re7 19. h3 Bd7 20. Bxd7 Rxd7 21. Rad1 Re8 22. Qd4 Rde7 23. Nb5 Qa6 24. Nc3 Ned7 25. Rde1 Ne4 26. Ne2 Ndf6 27. Nf4 Ng3 28. Rf3 Nf5 29. Qc5 Ne4 30. Qa5 Ng5 31. Rf2 Qd6 32. Qxa7 Ne4 33. Rff1 Neg3 34. Rf3 g5 35. Nd3 Nh4 36. Qc5 Nxf3+ 37. gxf3 Qf6 38. f4 gxf4 39. Nxf4 Qxb2 40. Kh2 Ne4 41. Qc4 Qc3 42. Qf1 Nf6 43. Nd3 Qxc2+ 44. Re2 Ng4+ 0-1

[Event "Amsterdam Science Park op-A 3rd"]
[Site "Amsterdam"]
[Date "2013.07.11"]
[Round "6"]
[White "Schoehuys, Erik"]
[Black "Senders, Mischa"]
[Result "1-0"]
[WhiteElo "2196"]
[BlackElo "2058"]
[PlyCount "89"]
[EventDate "2013.07.06"]
[EventType "swiss"]
[EventRounds "9"]
[EventCountry "NED"]
[SourceTitle "CBM 155 Extra"]
[Source "ChessBase"]
[SourceDate "2013.08.26"]
[SourceVersion "1"]
[SourceVersionDate "2013.08.26"]
[SourceQuality "1"]

1. d4 Nf6 2. c4 e6 3. Nc3 Bb4 4. Qc2 d5 5. a3 Bxc3+ 6. Qxc3 b6 7. Bg5 Ba6 8. cxd5 Qxd5 9. Bxf6 gxf6 10. Nf3 Nc6 11. Rc1 Ne7 12. g3 Rc8 13. Bg2 c5 14. 0-0 cxd4 15. Qd2 0-0 16. Nxd4 Qd6 17. Qb4 Rfd8 18. Rxc8 Nxc8 19. Nc6 Qxb4 20. axb4 Rd2 21. Bf3 Kg7 22. Ra1 Bxe2 23. Bxe2 Rxe2 24. Rd1 Rc2 25. b5 Rxb2 26. Rd8 Rxb5 27. Rxc8 a5 28. Ra8 Rc5 29. Nd8 Rd5 30. Nc6 Rd6 31. Na7 Rd1+ 32. Kg2 Rb1 33. Nc8 Rb4 34. Ra7 a4 35. Nd6 Kg6 36. Nxf7 b5 37. Nd6 Rb3 38. Ra5 Rd3 39. Ne4 Rd4 40. Nc5 Rb4 41. Nxe6 Kf5 42. Nc7 Ke4 43. Nxb5 Kd3 44. Nc7 Rd4 45. Ne6 1-0

[Event "Haarlem Nova College op-A 12th"]
[Site "Haarlem"]
[Date "2013.06.30"]
[Round "6"]
[White "Fluechter, Gregor"]
[Black "Schoehuys, Erik"]
[Result "0-1"]
[WhiteElo "2019"]
[BlackElo "2196"]
[PlyCount "88"]
[EventDate "2013.06.28"]
[EventType "swiss"]
[EventRounds "6"]
[EventCountry "NED"]
[SourceTitle "EXT 2015"]
[Source "ChessBase"]
[SourceDate "2014.11.20"]
[SourceVersion "1"]
[SourceVersionDate "2014.11.20"]
[SourceQuality "1"]

1. e4 e5 2. Nf3 d6 3. d4 Nf6 4. dxe5 Nxe4 5. Bc4 c6 6. exd6 Bxd6 7. 0-0 0-0 8. Re1 Bg4 9. Nbd2 Nf6 10. Nf1 Qc7 11. h3 Bh5 12. Bg5 Nbd7 13. N1d2 h6 14. Bxf6 Nxf6 15. c3 b5 16. Bd3 Bh2+ 17. Kh1 Rad8 18. Qc2 Bf4 19. Ne4 Nxe4 20. Bxe4 f5 21. Nd4 fxe4 22. Ne6 Qb6 23. Nxd8 Qxd8 24. Qxe4 Bc7 25. Qxc6 Rxf2 26. Qc5 Qd6 27. Qxd6 Bxd6 28. Re6 Bc7 29. Rc6 Bb6 30. b4 Bf7 31. a4 Bd5 32. Rg6 bxa4 33. Rg4 h5 34. Rg5 Be4 35. c4 Be3 36. Re5 Bd4 37. Rxe4 Bxa1 38. c5 Rc2 39. Re7 a3 40. Rxa7 Rc1+ 41. Kh2 Be5+ 42. g3 Rc2+ 43. Kg1 a2 44. Ra8+ Kh7 0-1

[Event "Groningen op-A 50th"]
[Site "Groningen"]
[Date "2012.12.29"]
[Round "8"]
[White "Van Osch, Mees"]
[Black "Schoehuys, Erik"]
[Result "1-0"]
[WhiteElo "2090"]
[BlackElo "2160"]
[PlyCount "70"]
[EventDate "2012.12.21"]
[EventType "swiss"]
[EventRounds "9"]
[EventCountry "NED"]
[SourceTitle "CBM 152 Extra"]
[Source "ChessBase"]
[SourceDate "2013.02.25"]
[SourceVersion "1"]
[SourceVersionDate "2013.02.25"]
[SourceQuality "1"]

1. e4 e5 2. Nf3 Nc6 3. Bb5 Nf6 4. Bxc6 bxc6 5. 0-0 Be7 6. Re1 d6 7. d4 exd4 8. Nxd4 Bd7 9. Nc3 0-0 10. Qf3 Re8 11. Bg5 h6 12. Bh4 Nh7 13. Bxe7 Qxe7 14. Rad1 Rab8 15. b3 Qe5 16. Qe3 Nf6 17. h3 Nh5 18. Nf3 Qf6 19. Qd4 Qg6 20. Nh4 Qg5 21. Nf3 Qf4 22. e5 d5 23. Ne2 Qxd4 24. Rxd4 c5 25. Rxd5 Bc6 26. Rxc5 Bxf3 27. gxf3 f6 28. e6 g5 29. Ng3 Nf4 30. e7 a6 31. Rxc7 Rb5 32. c4 Ra5 33. Ne4 Nd3 34. Nxf6+ Kf7 35. Nxe8 Nxe1 1-0